| 000 | 01259nam a22002177a 4500 | ||
|---|---|---|---|
| 999 |
_c63749 _d63749 |
||
| 003 | Ge_BSU | ||
| 005 | 20251219204036.0 | ||
| 008 | 251219s2024 ge ||||| |||| 00| 0 geo d | ||
| 020 | _a9789941375507 | ||
| 041 | _ageo | ||
| 080 | _a821.521-31 მ-91 | ||
| 100 |
_aმურაკამი, ჰარუკი _926575 |
||
| 245 |
_aნადირობა ცხვარზე : _b [რომანი] / _cჰარუკი მურაკამი; თარგმნა ირაკლი ბერიაშვილმა; რედაქტორი ელენე ბერიაშვილი; ქართული გამოცემის დიზაინი ია მახათაძე. |
||
| 264 |
_aთბილისი : _bსულაკაური, _c 2024. |
||
| 300 |
_a364 გვ. ; _b22 სმ. |
||
| 500 | _aყდაზე: ნაკამურა კიოკოს ილუსტრაცია. | ||
| 700 |
_aბერიაშვილი, ირაკლი _eმთარგმნელი _926576 |
||
| 700 |
_aბერიაშვილი, ელენე _eრედაქტორი _926577 |
||
| 700 |
_aმახათაძე, ია _eდიზაინერი _95299 |
||
| 942 |
_2udc _cᲬᲘᲒᲜᲘ |
||